| 000 | 00420nam a2200181Ia 4500 | ||
|---|---|---|---|
| 001 | 17686 | ||
| 005 | 20260306171535.0 | ||
| 008 | 260306s9999||||xx |||||||||||||| ||und|| | ||
| 041 | _aESP | ||
| 082 |
_a658.15 _bE34 |
||
| 100 |
_aEhrhardt, Michael C. _eAUT |
||
| 245 | 0 | _aFinanzas corporativas | |
| 260 | _c2007 | ||
| 300 |
_a650 páginas : _c27 cm. |
||
| 650 | _aGEN | ||
| 654 | _aCAN | ||
| 942 |
_cLIB _dJUS _fJUS _2ddc _n |
||
| 999 |
_c17686 _d17686 |
||